<Die> Euro Lügner unsinnige Rettungspakete, vertuschte Risiken - so werden wir getäuscht
Guardado en:
| Autor principal: | |
|---|---|
| Formato: | Libro |
| Lenguaje: | alemán |
| Publicado: |
München
HEYNE
2013
|
| Materias: | |
| Etiquetas: |
Sin Etiquetas, Sea el primero en etiquetar este registro!
|
MARC
| LEADER | 00000nam a2200000 4500 | ||
|---|---|---|---|
| 001 | 0176597 | ||
| 005 | 20240311130910.7 | ||
| 020 | |a 978-3-453-20058-6 | ||
| 041 | 0 | |a ger | |
| 044 | |a DE | ||
| 245 | 1 | 0 | |a <Die> Euro Lügner |b unsinnige Rettungspakete, vertuschte Risiken - so werden wir getäuscht |c Hans-Olaf Henkel |
| 264 | 1 | |a München |b HEYNE |c 2013 | |
| 300 | |a 272 s. | ||
| 610 | 2 | 0 | |a eurozóna |
| 610 | 2 | 0 | |a euro |
| 610 | 2 | 0 | |a mena |
| 610 | 2 | 0 | |a kríza |
| 610 | 2 | 0 | |a pomoc medzinárodná |
| 610 | 2 | 0 | |a politika finančná |
| 610 | 2 | 0 | |a kritika |
| 610 | 2 | 0 | |a opatrenia |
| 610 | 2 | 0 | |a pomoc finančná |
| 610 | 2 | 0 | |a riziko |
| 610 | 2 | 0 | |a Nemecko |
| 610 | 2 | 0 | |a Európska únia |
| 100 | 1 | |a Henkel, Hans-Olaf | |